От натурфилософии к сознательно-диалектическому естествознанию

Détails bibliographiques
Auteur principal: Лукьянов А. Т. Александр Тимофеевич
Autres auteurs: Вдовиченко Г. Г. (редактор)
Langue:russe
Publié: Киев, Вища школа, 1981
Sujets:
Format: MixedMaterials Livre
KOHA link:https://koha.lib.tpu.ru/cgi-bin/koha/opac-detail.pl?biblionumber=364140

MARC

LEADER 00000nam0a2200000 4500
001 364140
005 20231102011647.0
035 |a (RuTPU)RU\TPU\retro\21498 
090 |a 364140 
100 |a 20211029d1981 km y0rusy50 ca 
101 0 |a rus 
102 |a UA 
105 |a a z 001zy 
200 1 |a От натурфилософии к сознательно-диалектическому естествознанию  |f А. Т. Лукьянов  |g под ред. Г. Г. Вдовиченко 
210 |a Киев  |c Вища школа  |d 1981 
215 |a 192 с.  |c ил. 
320 |a Библиогр.: с. 182-189 
606 1 |a Познание живого  |2 stltpush  |3 (RuTPU)RU\TPU\subj\49978  |9 68738 
610 1 |a натурфилософия 
610 1 |a история 
610 1 |a диалектика 
610 1 |a естествоцентризм 
610 1 |a марксистская философия 
686 |a Ю223  |v LBC/SL-A  |2 rubbk 
700 1 |a Лукьянов  |b А. Т.  |g Александр Тимофеевич 
702 1 |a Вдовиченко  |b Г. Г.  |4 340 
801 1 |a RU  |b 63413507  |c 20211029 
942 |c BK